000 00992nam a2200265 i 4500
003 DO-SdBNP
005 20250403132543.0
007 ta
008 250403b2024 dr ||||| |||| 00| 0 spa d
020 _a9789945800593
040 _aDO-SdBNP
_bspa
_cBNPHU
_erda
082 4 _axxx
_bS718
_222
100 1 _aSoto Jiménez, José Miguel,
_d1956-
_eautor
_4aut.
_911668
245 1 4 _aLos que mataron el miedo /
_cJosé Miguel Soto Jiménez ; prefacio, Juan Carlos Mieses
264 1 _aSanto Domingo :
_bImpresora Soto,
_c2024.
300 _a259 páginas ;
_c24 cm.
336 _atexto
_btxt
_2rdacontent
337 _asin mediación
_bn
_2rdamedia
338 _avolumen
_bnc
_2rdacarrier
500 _aEl 30 de mayo revisitado. Colección de artículos en torno al magnicidio del 30 de mayo, publicados por el autor en el periódico Listín Diario, del 2004 al 2010.
590 _aInventariado, 2025/BT
700 1 _aMieses, Juan Carlos,
_eprefacio
_985214
910 _aBtavárez
942 _2ddc
_cLBS1
999 _c58596
_d58596